| 000 | 00422nam a2200109Ia 4500 | ||
|---|---|---|---|
| 008 | 160909s9999 xx 000 0 und d | ||
| 100 | _aBenavides, Aerin Benavides. | ||
| 245 | _aMeanings teachers make of teaching science outdoors as they explore citizen science | ||
| 260 |
_bThe University of North Carolina at Greensboro _c2016 |
||
| 650 | _aEDUC/SPED | ||
| 856 | _uhttp://pqdtopen.proquest.com/doc/1795970005.html?FMT=ABS | ||
| 999 |
_c305021 _d305021 |
||